000 00505nam a22001457a 4500
999 _c6898
_d6898
008 200403b ||||| |||| 00| 0 eng d
020 _a0-8213-5572-4
082 _a352.367 094 7 MAN
100 _aManning, Nick.-
245 _aInternational Public Administration Reform:
_bImplications for the Russian Federation/
_cNick Manning and Neil Parison.-
_hEnglish.
260 _aWashington, D.C.:
_bThe World Bank,
_c2003.
300 _axvi, 113p;
_c23cn.-
650 _2PUBLIC ADMINISTRATION
942 _2ddc
_cBOOKS